Statistics for USA In Different Languages

Click here to take the quiz!

General Stats

  • This quiz has been taken 25 times
  • The average score is 4 of 10

Answer Stats

TranslationAnswer% Correct
Stati Uniti d AmericaItalian
82%
Stany ZjednoczonePolish
73%
Verenigde StatenDutch
68%
YhdysvallatFinnish
64%
Spojene StatySlovak
36%
Statele Unite ale AmericiiRomanian
32%
Amerikas Savienotas ValstisLatvian
27%
BandarikinIcelandic
18%
Amerika SerikatIndonesia
18%
MarekaniSwahili
5%

Score Distribution

Percentile by Number Answered

Percent of People with Each Score

Your Score History

You have not taken this quiz